| 000 | 00486nam a2200169 4500 | ||
|---|---|---|---|
| 001 | 144459 | ||
| 003 | ES-MaACL | ||
| 005 | 20250730063132.0 | ||
| 007 | t| | ||
| 008 | 070214s1914 sp r ||||1| spa d | ||
| 100 | 1 |
_aSilió Cortés, César, _d1865-1944 _9106348 |
|
| 245 | 1 | 3 |
_aLa educación nacional / _cCésar Silio Cortes. |
| 260 |
_aMadrid : _bRevista de Archivos, _c1914. |
||
| 300 |
_aVIII, 240 p. ; _c19 cm. |
||
| 852 |
_aES-MaACL _jD-2392 |
||
| 999 |
_c144459 _d144459 |
||